[Event "12th ECC Women"]
[Site "Kemer TUR"]
[Date "2007.10.08"]
[Round "6"]
[White "Dzagnidze,N"]
[Black "Benderac,A"]
[Result "0-1"]
[WhiteElo "2416"]
[BlackElo "2328"]
[EventDate "2007.10.03"]

1. d4 d5 2. c4 c6 3. Nf3 Nf6 4. Nc3 a6 5. c5 Nbd7 6. Bf4 Nh5 7. Bg5 h6 8.
Bd2 Nhf6 9. Qc2 Qc7 10. e4 e5 11. exd5 cxd5 12. O-O-O exd4 13. Re1+ Kd8 14.
Nxd4 Nxc5 15. g3 Ne6 16. Be3 Bc5 17. Rd1 Nxd4 18. Bxd4 Bxd4 19. Rxd4 Be6
20. Bg2 Rc8 21. Kb1 Ke7 22. Bxd5 Nxd5 23. Rxd5 Qc6 24. Re1 b5 25. Rde5 Rhd8
26. Qh7 Qc4 27. Qxg7 Qd3+ 28. Ka1 Rd6 29. R5e3 Qc2 30. R3e2 Rd1+ 31. Rxd1
Qxd1+ 32. Nb1 Qxe2 33. Qxh6 0-1

[Event "12th ECC Women"]
[Site "Kemer TUR"]
[Date "2007.10.08"]
[Round "6"]
[White "Zaiatz,E"]
[Black "Paehtz,E"]
[Result "0-1"]
[WhiteElo "2366"]
[BlackElo "2452"]
[EventDate "2007.10.03"]

1. d4 e6 2. e4 d5 3. Nc3 Nf6 4. Bg5 h6 5. Bxf6 Qxf6 6. exd5 Bb4 7. Bb5+ c6
8. dxc6 bxc6 9. Be2 O-O 10. Nf3 Rd8 11. O-O e5 12. a3 Bxc3 13. bxc3 Nd7 14.
a4 Bb7 15. Qb1 exd4 0-1

[Event "12th ECC Women"]
[Site "Kemer TUR"]
[Date "2007.10.08"]
[Round "6"]
[White "Kursova,M"]
[Black "Chistiakova,T"]
[Result "0-1"]
[WhiteElo "2358"]
[BlackElo "2363"]
[EventDate "2007.10.03"]

1. d4 Nf6 2. Nf3 d5 3. c4 e6 4. Nc3 dxc4 5. e4 Bb4 6. Bg5 c5 7. Bxc4 cxd4
8. Nxd4 Bxc3+ 9. bxc3 Nbd7 10. Qe2 Qa5 11. Bd2 O-O 12. O-O Nc5 13. f3 0-1

[Event "12th ECC Women"]
[Site "Kemer TUR"]
[Date "2007.10.08"]
[Round "6"]
[White "Shaidullina,S"]
[Black "Kovanova,B"]
[Result "0-1"]
[WhiteElo "2296"]
[BlackElo "2346"]
[EventDate "2007.10.03"]

1. d4 Nf6 2. c4 e6 3. Nf3 b6 4. Nc3 Bb7 5. Bg5 h6 6. Bh4 Be7 7. e3 O-O 8.
Bd3 d6 9. h3 Nbd7 10. Bg3 a6 11. e4 d5 12. cxd5 exd5 13. e5 Ne8 14. Bh2 Bb4
0-1

[Event "12th ECC Women"]
[Site "Kemer TUR"]
[Date "2007.10.08"]
[Round "6"]
[White "Danielian,E"]
[Black "Melamed,T"]
[Result "1-0"]
[WhiteElo "2458"]
[BlackElo "2363"]
[EventDate "2007.10.03"]

1. d4 Nf6 2. Nf3 g6 3. c4 Bg7 4. g3 O-O 5. Bg2 d6 6. O-O c6 7. Nc3 Nbd7 8.
a4 a5 9. b3 e5 10. Ba3 exd4 11. Nxd4 Nc5 12. Ra2 Qb6 13. Rd2 Re8 14. Ndb5
Be6 15. Nxd6 Reb8 16. Qc2 Rd8 17. Rfd1 Ng4 18. Bxc5 Qxc5 19. Nce4 Qh5 20.
h3 Ne5 21. Nxb7 Rdb8 22. f4 Bxh3 23. fxe5 Bxe5 24. Nbc5 f5 25. Nf2 Bxg2 26.
Kxg2 Qg5 27. Qd3 Re8 28. Qf3 Qe7 29. Ncd3 Bc3 30. Rc2 Qf6 1-0

[Event "12th ECC Women"]
[Site "Kemer TUR"]
[Date "2007.10.08"]
[Round "6"]
[White "Eckhardt,C"]
[Black "Khurtsidze,N"]
[Result "0-1"]
[WhiteElo "2168"]
[BlackElo "2450"]
[EventDate "2007.10.03"]

1. d4 Nf6 2. Nf3 d5 3. g3 c5 4. Bg2 cxd4 5. O-O h6 6. h3 Nc6 7. Nxd4 Qb6 8.
Nxc6 bxc6 9. c4 e6 10. Nc3 Be7 11. Qc2 O-O 12. Be3 Qa6 13. Na4 Bd7 14. Nc5
Qa5 15. Nxd7 Nxd7 16. Rfd1 Bf6 17. a3 Qa6 18. Rab1 Ne5 19. cxd5 cxd5 20.
Bd4 Rfc8 21. Qd2 Nc4 22. Qd3 Bxd4 23. Qxd4 Nd6 24. Qd2 Rab8 25. Bf1 Nc4 26.
Qd4 Qb6 27. Qxb6 Rxb6 28. b4 Nxa3 29. Ra1 Rc3 30. e4 dxe4 31. Rd8+ Kh7 32.
Rd7 Kg6 33. Rxa7 Nb5 34. Rd7 Rb3 35. h4 h5 36. Ra8 Rxb4 37. Rh8 Nd4 38. Rf8
Nf3+ 39. Kg2 Ne5 40. Ra7 Rb2 41. Kg1 e3 0-1

[Event "12th ECC Women"]
[Site "Kemer TUR"]
[Date "2007.10.08"]
[Round "6"]
[White "Mkrtchian,L"]
[Black "Jahn,C"]
[Result "1/2-1/2"]
[WhiteElo "2402"]
[BlackElo "2188"]
[EventDate "2007.10.03"]

1. d4 Nf6 2. c4 e6 3. Nc3 d5 4. cxd5 exd5 5. Bg5 Be7 6. e3 c6 7. Bd3 O-O 8.
Qc2 h6 9. Bh4 Re8 10. Bg3 Bd6 11. Nge2 Bxg3 12. Nxg3 c5 13. dxc5 Qa5 14.
O-O Qxc5 15. Rfd1 1/2-1/2

[Event "12th ECC Women"]
[Site "Kemer TUR"]
[Date "2007.10.08"]
[Round "6"]
[White "Boric,E"]
[Black "Van Weersel,A"]
[Result "1/2-1/2"]
[WhiteElo "2279"]
[BlackElo "2174"]
[EventDate "2007.10.03"]

1. e4 e5 2. Nf3 Nc6 3. Bb5 a6 4. Ba4 Nf6 5. Qe2 b5 6. Bb3 Be7 7. d3 O-O 8.
Nbd2 d6 9. c3 Be6 10. Bxe6 fxe6 11. Ng5 Qd7 12. O-O Rae8 13. g3 Bd8 14. Kh1
Ne7 15. a4 Ng6 16. axb5 axb5 17. b4 h6 18. Nh3 Qc6 19. Bb2 Nd7 20. Qh5 Rf6
21. f4 Nb6 22. Nf2 Kh7 23. Nf3 Na4 24. fxe5 Rxf3 25. Qxf3 Nxb2 26. exd6
cxd6 27. d4 Na4 28. Rac1 Bg5 29. Rc2 Qc4 30. Kg2 Rf8 31. Qd1 Nb6 32. h4 Be7
33. h5 Nh8 34. Nd3 Rxf1 35. Qxf1 Nd7 36. Qf3 Nf6 37. e5 dxe5 38. Nxe5 Qd5
39. Nc6 Bd6 40. Qxd5 Nxd5 41. Re2 Nxc3 42. Rxe6 Nf7 43. Nd8 Nxd8 44. Rxd6
Nf7 45. Rd7 Kg8 46. Rc7 Nd5 47. Rc8+ Kh7 48. Rb8 Nd6 49. Ra8 Nf5 50. Ra5
Nfe7 1/2-1/2

[Event "12th ECC Women"]
[Site "Kemer TUR"]
[Date "2007.10.08"]
[Round "6"]
[White "Bensdorp,L"]
[Black "Dengler,D"]
[Result "0-1"]
[WhiteElo "2121"]
[BlackElo "2093"]
[EventDate "2007.10.03"]

1. e4 e6 2. d4 d5 3. Nc3 Bb4 4. e5 Ne7 5. a3 Bxc3+ 6. bxc3 c5 7. Qg4 O-O 8.
Bd3 f5 9. exf6 Rxf6 10. Bg5 Rf7 11. Qh4 g6 12. Nf3 Nbc6 13. O-O c4 14. Be2
Qa5 15. Bd2 Nf5 16. Qg5 Bd7 17. h4 Rg7 18. Ne5 Nxe5 19. dxe5 Rf8 20. Qg4
Qc7 21. f4 Ba4 22. Ra2 Qe7 23. g3 Qc7 24. Kh2 h5 25. Qf3 Nh6 26. Qf2 Qa5
27. Rb1 d4 28. Qe1 Qd5 29. cxd4 c3 30. Raa1 cxd2 31. Qd1 0-1

[Event "12th ECC Women"]
[Site "Kemer TUR"]
[Date "2007.10.08"]
[Round "6"]
[White "Stevandic,D"]
[Black "Middelveld,M"]
[Result "0-1"]
[WhiteElo "2052"]
[BlackElo "2009"]
[EventDate "2007.10.03"]

1. e4 e6 2. d4 d5 3. Nd2 Nf6 4. e5 Nfd7 5. Bd3 c5 6. c3 Nc6 7. Ne2 cxd4 8.
cxd4 f6 9. exf6 Nxf6 10. O-O Bd6 11. Nf3 Qc7 12. Bg5 O-O 13. Bh4 Nh5 14.
Nc3 a6 15. Rc1 g6 16. Na4 Bf4 17. Rc3 Qd6 18. Bg3 Nxg3 19. hxg3 Bh6 20. Re1
Bg7 21. Bc2 Re8 22. Bb3 Re7 23. Nb6 Rb8 24. Ba4 Na7 25. Nxc8 Rxc8 26. Qc2
Rxc3 27. Qxc3 b5 28. Bb3 Re8 29. Qc5 Qxc5 30. dxc5 Bxb2 31. Bxd5 Kg7 32.
Bb7 a5 33. Re2 Bf6 34. c6 Re7 35. Rc2 Rc7 36. Nd2 Kf7 37. Nb3 a4 38. Kf1
axb3 39. axb3 b4 0-1

[Event "12th ECC Women"]
[Site "Kemer TUR"]
[Date "2007.10.08"]
[Round "6"]
[White "Yanik,E"]
[Black "Steil Antoni,F"]
[Result "1/2-1/2"]
[WhiteElo "2069"]
[BlackElo "2104"]
[EventDate "2007.10.03"]

1. d4 d5 2. Nf3 Nf6 3. Bg5 Ne4 4. Bf4 c5 5. e3 Qb6 6. Qc1 Nc6 7. c3 Bf5 8.
Be2 e6 9. O-O Rc8 10. Nbd2 Be7 11. Nxe4 Bxe4 12. Qd2 O-O 13. Ne5 Nxe5 14.
Bxe5 Bd6 15. Bxd6 Qxd6 16. Bd3 1/2-1/2

[Event "12th ECC Women"]
[Site "Kemer TUR"]
[Date "2007.10.08"]
[Round "6"]
[White "Klipper,R"]
[Black "Acarbay,Al"]
[Result "0-1"]
[WhiteElo "2069"]
[BlackElo "1865"]
[EventDate "2007.10.03"]

1. e4 c5 2. Nc3 Nc6 3. f4 g6 4. Bb5 Nd4 5. Nf3 a6 6. Bc4 Bg7 7. O-O e6 8.
d3 Ne7 9. e5 d5 10. exd6 Qxd6 11. Ne4 Qc7 12. c3 Nxf3+ 13. Qxf3 O-O 14. Be3
b6 15. Nxc5 Ra7 16. Ne4 Nf5 17. Bb3 Bb7 18. Qf2 Nxe3 19. Qxe3 Rd8 20. Rad1
Raa8 21. Ng5 Qc6 22. Rf2 b5 23. Nf3 a5 24. Ne5 Qd6 25. d4 a4 26. Bc2 Rdc8
27. a3 Re8 28. Be4 Bd5 29. Bxd5 exd5 30. Qh3 Re7 31. Qd3 f6 32. Nf3 Bh6 33.
g3 Qd7 34. Re2 Rxe2 35. Qxe2 Re8 36. Qf2 Re4 37. Re1 Qg4 38. Kg2 Qe6 39.
Rxe4 dxe4 40. Ne1 f5 41. Nc2 Qc4 42. Qd2 Bf8 43. Ne3 Qb3 44. Qc2 Bxa3 45.
bxa3 Qxa3 46. Nd1 Qa1 47. Kf2 Kf8 48. Ke2 a3 49. c4 Qxd4 50. Ne3 b4 51. Qa4
Qb2+ 52. Qc2 Qd4 53. Qa4 Qd3+ 54. Kf2 Qd2+ 55. Kf1 Qxe3 56. Qxb4+ Kf7 57.
Qb7+ Kf6 58. Qc6+ Kg7 59. Qd7+ Kh6 60. Qe7 Qd3+ 61. Kg2 Qe2+ 62. Kg1 Qd1+
63. Kg2 Qc2+ 64. Kg1 Qb1+ 65. Kg2 Qb2+ 66. Kg1 Qc1+ 67. Kg2 Qxc4 68. Qg5+
Kg7 69. Qe7+ Qf7 70. Qxa3 Qd7 71. Qc3+ Kf7 72. Qc4+ Ke7 73. Qc5+ Ke6 74.
Qc4+ Qd5 75. Qc8+ Kd6 76. Qf8+ Kc6 77. Qc8+ Kb5 78. Qb8+ Kc4 79. Qc7+ Kd3
80. Qxh7 e3+ 81. Kh3 e2 82. Qh4 e1=Q 83. Qf6 Qee6 84. Qa1 Ke2 85. Qb2+ Qd2
86. Qb5+ Kf2 87. Qc5+ Qee3 0-1

[Event "12th ECC Women"]
[Site "Kemer TUR"]
[Date "2007.10.08"]
[Round "6"]
[White "Gerasimovitch,O"]
[Black "Gencer,O"]
[Result "1-0"]
[WhiteElo "2184"]
[BlackElo "1940"]
[EventDate "2007.10.03"]

1. e4 e6 2. d3 d5 3. Nd2 Nf6 4. Ngf3 c5 5. g3 Nc6 6. Bg2 Be7 7. O-O O-O 8.
e5 Nd7 9. Re1 Qc7 10. Qe2 b5 11. Nf1 Bb7 12. c3 a6 13. h4 Rae8 14. Bf4 b4
15. N1h2 Qa5 16. c4 Nb6 17. Ng4 Rd8 18. h5 dxc4 19. dxc4 Ba8 20. h6 g6 21.
b3 Nd4 22. Nxd4 Rxd4 23. Be3 Rdd8 24. Bxa8 Nxa8 25. Qf3 Qc7 26. Nf6+ Kh8
27. Bg5 Nb6 28. Qf4 Rd4 29. Re4 Rd3 30. Rae1 Qd8 31. R4e3 Rd4 32. Re4 Rd3
33. Qh4 Nc8 34. Kg2 Qc7 35. R1e3 Rd2 36. Rf3 Rd1 37. Qg4 Qd8 38. Rfe3 Rd2
39. Qf3 a5 40. Rf4 Rd4 41. Rxd4 Qxd4 42. Re4 Qb2 43. Qf4 Qc2 44. Kh2 Qd1
45. Qh4 Bd8 46. Rf4 Ne7 47. Nxh7 Nf5 48. Rxf5 Bxg5 49. Qxg5 Qh5+ 50. Qxh5
gxh5 51. Nxf8 1-0

[Event "12th ECC Women"]
[Site "Kemer TUR"]
[Date "2007.10.08"]
[Round "6"]
[White "Dincok,B"]
[Black "Khudaya,A"]
[Result "0-1"]
[WhiteElo "1945"]
[BlackElo "2088"]
[EventDate "2007.10.03"]

1. e4 c5 2. Nf3 Nc6 3. d4 cxd4 4. Nxd4 e5 5. Nb5 d6 6. N1c3 a6 7. Na3 Be7
8. Nc4 b5 9. Ne3 Nf6 10. Ned5 Be6 11. Be3 Rb8 12. a4 b4 13. Nxf6+ gxf6 14.
Nd5 Qa5 15. Bxa6 Bxd5 16. Bb5 Bxe4 17. f3 b3+ 18. Bd2 bxc2 19. Bxa5 cxd1=Q+
20. Rxd1 Bxf3 21. gxf3 Rxb5 22. axb5 Nxa5 23. Rg1 Bd8 24. b4 Nc4 0-1

[Event "12th ECC Women"]
[Site "Kemer TUR"]
[Date "2007.10.08"]
[Round "6"]
[White "Khudaya,I"]
[Black "Tikir,H"]
[Result "1-0"]
[WhiteElo "2111"]
[BlackElo "1721"]
[EventDate "2007.10.03"]

1. e4 e5 2. Nc3 Nc6 3. g3 Nf6 4. Bg2 Bc5 5. d3 h6 6. Nf3 d6 7. O-O O-O 8.
h3 Be6 9. Kh2 a6 10. Ne2 Bb6 11. c4 Nd7 12. a3 a5 13. b3 a4 14. bxa4 Na5
15. Nf4 1-0

[Event "12th ECC Women"]
[Site "Kemer TUR"]
[Date "2007.10.08"]
[Round "6"]
[White "Kesim,A"]
[Black "Savurko,A"]
[Result "0-1"]
[WhiteElo "1650"]
[BlackElo "2088"]
[EventDate "2007.10.03"]

1. e4 e6 2. d4 d5 3. Nc3 Bb4 4. e5 c5 5. a3 Bxc3+ 6. bxc3 Ne7 7. Nf3 O-O 8.
Be2 Nbc6 9. O-O Ng6 10. Be3 c4 11. Qd2 f6 12. exf6 Qxf6 13. Bg5 Qf7 14. Nh4
Bd7 15. Nxg6 Qxg6 16. Bf4 Qf5 17. Bg3 Be8 18. h3 Bg6 19. Bg4 Qf6 20. Rae1
Rfe8 21. Re2 h5 22. Bf3 Ne7 23. Rfe1 Nf5 24. Be5 Qe7 25. Bf4 Qd7 26. Bg5
Rac8 27. Qf4 Rc6 28. g4 hxg4 29. Bxg4 Rf8 30. Qd2 Qf7 31. f3 Bh5 32. Qf4
Bxg4 33. fxg4 Ne7 34. Qxf7+ Kxf7 35. Rf2+ Ke8 36. Rxf8+ Kxf8 37. Rf1+ Ke8
38. Re1 Ng8 39. Rf1 Ra6 40. Ra1 Nf6 41. Bxf6 gxf6 42. h4 Rb6 43. h5 Kf7 44.
Rf1 Kg7 45. a4 Ra6 46. Rb1 Rb6 47. Re1 Kh6 48. a5 Rc6 49. Kg2 Kg5 50. Kg3
b6 51. axb6 Rxb6 52. Rh1 a5 53. h6 Rb8 54. h7 Rh8 55. Re1 Rxh7 56. Rxe6 Rh4
57. Ra6 Rxg4+ 58. Kf3 Rf4+ 59. Ke3 Kg4 60. Rxa5 Rf3+ 61. Kd2 Rf5 62. Ra8
Kf3 63. Re8 Kg4 64. Re2 Rh5 65. Rf2 f5 66. Rg2+ Kf3 67. Re2 f4 68. Re5 Kg4
69. Ke1 Rxe5+ 70. dxe5 0-1

[Event "12th ECC Women"]
[Site "Kemer TUR"]
[Date "2007.10.09"]
[Round "7"]
[White "Koneru,H"]
[Black "Xu Yuhua"]
[Result "1/2-1/2"]
[WhiteElo "2606"]
[BlackElo "2517"]
[EventDate "2007.10.03"]

1. d4 e6 2. Nf3 Nf6 3. c4 b6 4. g3 Ba6 5. b3 Bb7 6. Bg2 Bb4+ 7. Bd2 c5 8.
O-O O-O 9. Bc3 Bxc3 10. Nxc3 d6 11. Qd2 1/2-1/2

[Event "12th ECC Women"]
[Site "Kemer TUR"]
[Date "2007.10.09"]
[Round "7"]
[White "Pogonina,N"]
[Black "Socko,M"]
[Result "1-0"]
[WhiteElo "2462"]
[BlackElo "2473"]
[EventDate "2007.10.03"]

1. e4 d6 2. d4 g6 3. Nc3 Bg7 4. Be3 c6 5. h3 Nd7 6. Nf3 Qc7 7. Bd3 b5 8.
O-O Ngf6 9. Ne2 O-O 10. Ng3 e5 11. dxe5 dxe5 12. a4 b4 13. a5 Rd8 14. Qe2
Nf8 15. Bc4 Ne6 16. Ng5 Re8 17. Rfd1 Nxg5 18. Bxg5 Be6 19. Nf1 Nh5 20. Bxe6
Rxe6 21. Qc4 Rb8 22. g3 Bf8 23. Nd2 Rd6 24. Nb3 Ng7 25. Rxd6 Bxd6 26. Rd1
Ne6 27. Be3 c5 28. Rd5 Rc8 29. a6 Bf8 30. Nc1 Qc6 31. Nd3 Nc7 32. Nxe5 Qe6
33. Rd7 Nxa6 34. Qxe6 fxe6 35. Rxa7 Nc7 36. Nd7 Bg7 37. Nb6 Rb8 38. Rxc7
Rxb6 39. Bxc5 Rb5 40. b3 Bc3 41. Bd6 Rb6 42. e5 Rb5 43. Rc5 Rb6 44. Kg2 Kg7
45. Rc7+ Kg8 46. Kf3 Rb5 47. Rc5 Rb6 48. Ke4 Be1 49. Ke3 g5 50. g4 h6 51.
f3 Ra6 52. Rc4 Rb6 53. Ke2 Bc3 54. Rc8+ Kf7 55. Rf8+ Kg7 56. Re8 Ra6 57.
Rxe6 Ra1 58. Re7+ Kg6 59. Rb7 Rh1 60. Bxb4 Bxe5 61. Rb5 Bf6 62. Rb6 Kg7 63.
Rc6 Rh2+ 64. Ke3 Kf7 65. Bc3 Be7 66. Bd4 Rxh3 67. Ke4 h5 68. gxh5 Rxh5 69.
Be5 Rh4+ 70. Kf5 Rh3 71. f4 gxf4 72. Kxf4 Ke8 73. Ke4 Kd7 74. Ra6 Rh1 75.
Bd4 Bd6 76. Kd5 Rh5+ 77. Kc4 Bc7 78. b4 Kc8 79. Rg6 Rh4 80. b5 Kb7 81. Re6
Rg4 82. c3 Rh4 83. Re7 Kc8 84. Rg7 Kb8 85. Rf7 Kc8 86. Kd5 Rh6 87. Rf6 Rh7
88. b6 Bd8 89. Rd6 Rb7 90. c4 Be7 91. Rc6+ Kd8 92. Bf6 Rd7+ 93. Ke6 Bxf6
94. Kxf6 Rh7 95. Ke6 Rh6+ 96. Kd5 Rh5+ 97. Kd6 Rh6+ 98. Kc5 Rh5+ 99. Kb4
Rh1 100. Kb5 Rb1+ 101. Ka6 Kd7 102. Kb7 Ra1 103. c5 1-0

[Event "12th ECC Women"]
[Site "Kemer TUR"]
[Date "2007.10.09"]
[Round "7"]
[White "Gvetadze,Sopi"]
[Black "Khurtsidze,N"]
[Result "0-1"]
[WhiteElo "2362"]
[BlackElo "2450"]
[EventDate "2007.10.03"]

1. e4 c5 2. Nf3 e6 3. d4 cxd4 4. Nxd4 Nf6 5. Nc3 d6 6. g4 h6 7. h3 a6 8.
Bg2 Qc7 9. Be3 Nc6 10. Qe2 Bd7 11. O-O-O Ne5 12. Kb1 Nc4 13. Bc1 Rc8 14.
Rhe1 g5 15. h4 Be7 16. Nf5 exf5 17. exf5 Bb5 18. Nxb5 axb5 19. hxg5 hxg5
20. Bxg5 Kf8 21. Bc1 Nxg4 22. Rd5 Rh2 23. Be4 Nf6 24. Rxb5 Nxe4 25. Qxe4 b6
26. Rb3 Bf6 27. Rg3 Qc6 28. Qd3 Ne5 29. Qd2 Qc5 30. Rc3 Nc4 31. Rxc4 Qxc4
32. Qxd6+ Kg8 33. c3 Qh4 34. Rg1+ Kh8 35. f3 Bg7 36. Qd5 Qf2 37. Rd1 Qc2+
38. Ka1 Bxc3 39. bxc3 Qxc3+ 40. Kb1 Qc2+ 41. Ka1 Qxc1+ 0-1

[Event "12th ECC Women"]
[Site "Kemer TUR"]
[Date "2007.10.09"]
[Round "7"]
[White "Mkrtchian,L"]
[Black "Lomineishvili,M"]
[Result "1/2-1/2"]
[WhiteElo "2402"]
[BlackElo "2409"]
[EventDate "2007.10.03"]

1. e4 c5 2. Nf3 d6 3. d4 cxd4 4. Nxd4 Nf6 5. Nc3 Nc6 6. Bg5 Bd7 7. Qd2 h6
8. Bxf6 gxf6 9. O-O-O Nxd4 10. Qxd4 Qa5 11. Bc4 Rc8 12. Bb3 Qc5 13. Qd2 b5
14. Nd5 Be6 15. Kb1 Bxd5 16. exd5 f5 17. Rhe1 Bg7 18. Re3 Bf6 19. Qd3 f4
20. Re4 Qxf2 21. Qxb5+ Kf8 22. Rf1 Qxg2 23. Rexf4 Qxh2 24. Qb7 Rd8 25. Qc7
Ra8 26. Qb7 Rd8 27. Qc7 Ra8 28. Qb7 1/2-1/2

[Event "12th ECC Women"]
[Site "Kemer TUR"]
[Date "2007.10.09"]
[Round "7"]
[White "Kovalevskaya,E"]
[Black "Vasilevich,I"]
[Result "1-0"]
[WhiteElo "2448"]
[BlackElo "2383"]
[EventDate "2007.10.03"]

1. e4 c5 2. Nc3 Nc6 3. Nf3 a6 4. g3 g6 5. Bg2 Bg7 6. d3 d6 7. O-O Rb8 8.
Be3 Nf6 9. h3 O-O 10. Qd2 Re8 11. Nh4 b5 12. f4 b4 13. Ne2 Bb7 14. f5 Ne5
15. Bh6 Bh8 16. Nf4 d5 17. exd5 Nxd5 18. Nxd5 Bxd5 19. Rac1 Rb6 20. Qf2 Nd7
1-0

[Event "12th ECC Women"]
[Site "Kemer TUR"]
[Date "2007.10.09"]
[Round "7"]
[White "Kursova,M"]
[Black "Kochetkova,J"]
[Result "0-1"]
[WhiteElo "2358"]
[BlackElo "2297"]
[EventDate "2007.10.03"]

1. d4 d5 2. Nf3 c6 3. c4 e6 4. e3 f5 5. Be2 Bd6 6. O-O Nf6 7. b3 Qe7 8. Bb2
O-O 9. Qc1 b6 10. Ba3 Bb7 11. Bxd6 Qxd6 12. Qa3 c5 13. Nc3 Ne4 14. Rac1 Nd7
15. Rfd1 Qe7 16. cxd5 Nxc3 17. Rxc3 Bxd5 18. Rdc1 Qf6 19. b4 cxd4 20. exd4
Qg6 21. Rc7 Nf6 22. Bf1 Qg4 23. Ne5 Qf4 24. R1c2 a6 25. Re7 Rfe8 26. Rxe8+
Rxe8 27. Qe3 Qxe3 28. fxe3 b5 29. a3 h6 30. Rc7 0-1

[Event "12th ECC Women"]
[Site "Kemer TUR"]
[Date "2007.10.09"]
[Round "7"]
[White "Paehtz,E"]
[Black "Hou Yifan"]
[Result "1/2-1/2"]
[WhiteElo "2452"]
[BlackElo "2502"]
[EventDate "2007.10.03"]

1. e4 c5 2. c3 Nf6 3. e5 Nd5 4. Bc4 Nb6 5. Bb3 c4 6. Bc2 Nc6 7. Nf3 Qc7 8.
Qe2 g5 9. h3 Bg7 10. O-O Nxe5 11. Nxg5 d5 12. a4 h6 13. Nf3 Nxf3+ 14. Qxf3
Be6 15. Na3 a6 16. d4 cxd3 17. Bxd3 Nxa4 18. Re1 Nc5 19. Bf4 Qc6 20. Nb5
Nxd3 21. Qxd3 Kd7 22. Nc7 Rac8 23. c4 d4 24. Nxe6 fxe6 25. b3 Rhg8 26. Qe4
Rgf8 27. Rad1 Qxe4 28. Rxe4 Rc5 29. Be3 e5 30. Bd2 Rc6 31. Rde1 b5 32. f4
bxc4 33. bxc4 Rxc4 34. fxe5 Ke6 35. Rg4 Rc2 36. Rxd4 Rb8 37. Rg4 Rxd2 38.
Rxg7 Rbb2 39. Ra1 Kxe5 40. Rxa6 e6 41. Rg6 Kf4 1/2-1/2

[Event "12th ECC Women"]
[Site "Kemer TUR"]
[Date "2007.10.09"]
[Round "7"]
[White "Benderac,A"]
[Black "Turova,I"]
[Result "0-1"]
[WhiteElo "2328"]
[BlackElo "2383"]
[EventDate "2007.10.03"]

1. e4 e5 2. Nf3 Nc6 3. Bb5 a6 4. Ba4 Nf6 5. O-O Be7 6. c3 Nxe4 7. Re1 Nc5
8. Bxc6 dxc6 9. Nxe5 Be6 10. d4 Nd7 11. Qe2 Nxe5 12. Qxe5 O-O 13. Bf4 Rc8
14. Nd2 Re8 15. a3 Qd7 16. Re3 Bf6 17. Qh5 Bg4 18. Qa5 Rxe3 19. fxe3 Re8
20. Re1 Bh4 21. g3 Bd8 22. e4 h5 23. h4 f6 24. Qc5 Kh7 25. Rf1 Be2 26. Re1
Bg4 27. Rf1 Be7 28. Qc4 a5 29. Qd3 c5 30. d5 Kg8 31. c4 Bd6 32. Bxd6 cxd6
33. Rf4 a4 34. Nf1 Qe7 35. Ne3 Bd7 36. Qf1 Qe5 37. Qf2 b5 38. cxb5 Bxb5 39.
g4 Bd3 40. gxh5 Bxe4 41. h6 Bxd5 42. Ng4 Qe1+ 43. Qxe1 Rxe1+ 44. Kf2 Re4
45. Rxe4 Bxe4 46. hxg7 Kxg7 47. Ne3 f5 0-1

[Event "12th ECC Women"]
[Site "Kemer TUR"]
[Date "2007.10.09"]
[Round "7"]
[White "Korbut,E"]
[Black "Zhukova,N"]
[Result "1-0"]
[WhiteElo "2443"]
[BlackElo "2452"]
[EventDate "2007.10.03"]

1. e4 e6 2. d4 d5 3. exd5 exd5 4. Nf3 Bd6 5. c4 Nf6 6. Nc3 O-O 7. h3 c6 8.
Be2 dxc4 9. Bxc4 Nbd7 10. O-O Nb6 11. Bb3 Be6 12. Bxe6 fxe6 13. Bg5 Qd7 14.
Re1 Nbd5 15. Ne4 Nxe4 16. Rxe4 h6 17. Bh4 Rf5 18. Bg3 Bxg3 19. fxg3 Qd6 20.
Qe1 Rf6 21. Ne5 Raf8 22. Ng4 Rg6 23. Rd1 Ne7 24. Rd3 Qd5 25. Re5 Rgf6 1-0

[Event "12th ECC Women"]
[Site "Kemer TUR"]
[Date "2007.10.09"]
[Round "7"]
[White "Maric,A"]
[Black "Cmilyte,V"]
[Result "1/2-1/2"]
[WhiteElo "2408"]
[BlackElo "2464"]
[EventDate "2007.10.03"]

1. d4 Nf6 2. Nf3 e6 3. c4 b6 4. e3 Bb7 5. Nc3 d5 6. cxd5 exd5 7. Bb5+ c6 8.
Bd3 Be7 9. O-O O-O 10. b3 Nbd7 11. Bb2 Bd6 12. Qe2 Qe7 13. g3 1/2-1/2

[Event "12th ECC Women"]
[Site "Kemer TUR"]
[Date "2007.10.09"]
[Round "7"]
[White "Chistiakova,T"]
[Black "Bayrak,A"]
[Result "1-0"]
[WhiteElo "2363"]
[BlackElo "2032"]
[EventDate "2007.10.03"]

1. d4 d5 2. c4 c6 3. Nc3 Nf6 4. Nf3 dxc4 5. a4 Bf5 6. Nh4 Bg6 7. Nxg6 hxg6
8. e4 e6 9. Bxc4 Bb4 10. Qd3 Nbd7 11. O-O Qa5 12. Na2 Be7 13. b4 Qh5 14. h3
Rd8 15. Qe3 Nb6 16. Be2 Qh4 17. a5 Nbd7 18. Bf3 O-O 19. Bb2 Rfe8 20. Bc3 a6
21. Nc1 Bf8 22. Nd3 Qh6 23. Qe2 Qg5 24. Bd2 Qb5 25. Bf4 g5 26. Bg3 g6 27.
Qe3 Bxb4 1-0

[Event "12th ECC Women"]
[Site "Kemer TUR"]
[Date "2007.10.09"]
[Round "7"]
[White "Dincok,G"]
[Black "Shaidullina,S"]
[Result "1-0"]
[WhiteElo "1755"]
[BlackElo "2296"]
[EventDate "2007.10.03"]

1. e4 c5 2. Nf3 Nc6 3. d4 cxd4 4. Nxd4 Nf6 5. Nc3 d6 6. Bc4 e6 7. Be3 Be7
8. Qe2 a6 9. O-O-O Nxd4 10. Rxd4 b5 11. Bb3 Bd7 12. f4 Qc7 13. f5 Rb8 14.
Qf3 b4 15. Ne2 e5 16. Rd2 a5 17. Ng3 a4 18. Bd5 Nxd5 19. exd5 a3 20. b3 Qc3
21. Kd1 Bb5 22. Ke1 Bh4 23. Kf2 h5 24. Re1 Kf8 25. Kg1 Bxg3 26. Qxg3 f6 27.
Red1 Bd7 28. Qf2 h4 29. Qf3 Rc8 30. Rf2 Ke7 31. Qe4 Kf7 32. Rdf1 Ke7 33.
Qg4 g5 34. Bd2 Qb2 35. Bxb4 Qxa2 36. Qd1 Ba4 37. bxa4 Qc4 38. Bxa3 g4 39.
Re2 g3 40. h3 Qxa4 41. Qd3 1-0

[Event "12th ECC Women"]
[Site "Kemer TUR"]
[Date "2007.10.09"]
[Round "7"]
[White "Gaponenko,I"]
[Black "Topel,Z"]
[Result "0-1"]
[WhiteElo "2440"]
[BlackElo "2246"]
[EventDate "2007.10.03"]

1. e4 c5 2. Nf3 Nc6 3. d4 cxd4 4. Nxd4 Nf6 5. Nc3 d6 6. Bg5 e6 7. Qd2 a6 8.
O-O-O Bd7 9. f3 Rc8 10. Kb1 Be7 11. Be3 Ne5 12. g4 b5 13. g5 Nh5 14. Bd3 g6
15. f4 b4 16. Nce2 Nxd3 17. Qxd3 e5 18. fxe5 dxe5 19. Nf3 Bb5 20. Qxd8+
Bxd8 21. Rhe1 f6 22. Nc1 Nf4 23. Bxf4 exf4 24. gxf6 Bxf6 25. Nd3 Bxd3 26.
cxd3 g5 27. h3 h5 28. e5 Be7 29. Rg1 Rg8 30. d4 g4 31. hxg4 hxg4 32. Rde1
Kf7 33. e6+ Kf6 34. Ne5 g3 35. Nd3 Bd6 36. d5 Rce8 37. Kc2 Rg5 38. Re4 f3
39. Re3 f2 40. Nxf2 gxf2 41. Rf1 Rf5 42. Kb3 Bc5 43. Rd3 Ke7 0-1

[Event "12th ECC Women"]
[Site "Kemer TUR"]
[Date "2007.10.09"]
[Round "7"]
[White "Dengler,D"]
[Black "Khudaya,I"]
[Result "1-0"]
[WhiteElo "2093"]
[BlackElo "2111"]
[EventDate "2007.10.03"]

1. d4 d5 2. Nf3 Nf6 3. e3 e6 4. Bd3 c5 5. b3 Nc6 6. a3 Qc7 7. Bb2 Be7 8.
Nbd2 b6 9. O-O Bb7 10. Ne5 Nxe5 11. dxe5 Nd7 12. f4 g6 13. c4 g5 14. Qe2
O-O-O 15. b4 Rhg8 16. cxd5 exd5 17. Rac1 gxf4 18. exf4 Kb8 19. Nf3 h5 20.
Nd4 Nf8 21. Qxh5 Ne6 22. Qxf7 1-0

[Event "12th ECC Women"]
[Site "Kemer TUR"]
[Date "2007.10.09"]
[Round "7"]
[White "Khudaya,A"]
[Black "Boric,E"]
[Result "0-1"]
[WhiteElo "2088"]
[BlackElo "2279"]
[EventDate "2007.10.03"]

1. d4 f5 2. g3 Nf6 3. Bg2 g6 4. Nh3 Bg7 5. Nf4 c6 6. h4 d6 7. h5 e5 8. h6
Bf8 9. dxe5 dxe5 10. Qxd8+ Kxd8 11. Nd3 Nbd7 12. Bg5 Be7 13. Nc3 Ng4 14.
Bxe7+ Kxe7 15. e4 Re8 16. O-O-O Kf7 17. Rde1 a5 18. Bh3 Nxh6 19. Bxf5 Kg7
20. Bh3 Nf6 21. f4 Nf7 22. Nf2 Nh5 23. f5 Nxg3 24. Rhg1 Nh5 25. fxg6 hxg6
26. Bf5 Nf4 27. Re3 Kf6 28. Ng4+ Ke7 29. Bxc8 Raxc8 30. Rf3 Ke6 31. Rgf1 g5
32. Ne3 b5 33. Nf5 Rh8 34. R3f2 Nd6 35. Nxd6 Kxd6 36. Ne2 Rh3 37. Ng1 Re3
0-1

[Event "12th ECC Women"]
[Site "Kemer TUR"]
[Date "2007.10.09"]
[Round "7"]
[White "Madl,I"]
[Black "Gerasimovitch,O"]
[Result "1/2-1/2"]
[WhiteElo "2381"]
[BlackElo "2184"]
[EventDate "2007.10.03"]

1. e4 d5 2. exd5 Qxd5 3. Nc3 Qa5 4. d4 Nf6 5. Nf3 c6 6. Bc4 Bf5 7. Bd2 e6
8. Nd5 Qd8 9. Nxf6+ gxf6 10. Bb3 Nd7 11. Qe2 Qc7 12. O-O-O O-O-O 13. Nh4
Bg6 14. g3 Bd6 15. Rhe1 Kb8 16. Kb1 Ka8 17. Bc3 Rc8 18. Nxg6 hxg6 19. h4
Rh7 20. Qd2 f5 21. d5 cxd5 22. Bxd5 exd5 23. Qxd5 Bxg3 24. fxg3 1/2-1/2